01081nam a2200265 a 450000100060000000300080000600500170001400800390003103500190007004000320008904100080012108200280012910000290015724500880018625000130027426000420028730000350032949000350036450400520039965000490045194200120050099900170051295201420052995201440067114756BD-RjUL20211208235703.0161017s1967 ilua b 001 0 eng a(BD-RjUL)14810 aDLCcDLCdDLCdBD-RjULbeng aeng00a658.45019bHAC 19672231 aHaney, William V.94597010aCommunication and organizational behavior :bText and cases /cby William V. Haney. aRev. ed. aHomewood, Ill. :bR. D. Irwin,c1967. axvii, 533 p. :bill. ;c24 cm.0 aThe Irwin series in management aIncludes Bibliographical References and Indexes 0aCommunicationxPsychological aspects.945971 2ddccBK c14756d14756 00102ddc40708NFICaRUCLbRUCLcStackd1971-07-21eZeitlingerg120.00l0o658.45019 HAC 1967r2014-02-08 00:00:00tC-2w2021-12-08yBK 00102ddc40718NFICaRUCLbRUCLcReadingd1971-07-21eZeitlingerg120.00l0o658.45019 HAC 1967r2019-04-23 00:00:00tC-1w2019-04-23yBK